Cálculo aplicado para administración, economía y ciencias sociales

Uloženo v:
Podrobná bibliografie
Hlavní autoři: Hoffmann, Laurence D (Autor), Bradley, Gerald L (Autor), Rosen, Kenneth H (Autor)
Médium: Kniha
Jazyk:španělština
Vydáno: Ciudad de México, México: McGraw-Hill, 2006.
Vydání:3a. ed. en español de la 8a edición en inglés
Témata:
Tagy: Přidat tag
Žádné tagy, Buďte první, kdo vytvoří štítek k tomuto záznamu!

MARC

LEADER 00000nam a2200000 a 4500
001 UCI6367
003 CL-VaPUC
005 20240924103056.0
008 080430e20060000MX |||||||||||||||||spa|d
999 |c 329886  |d 329884 
020 |a 9701059077 
040 |c Pontificia Universidad Católica de Valparaíso 
082 0 4 |a 515 HOF 2006  |b    |2 21 
100 |a Hoffmann, Laurence D  |e author  |9 602167 
245 1 0 |a Cálculo aplicado para administración, economía y ciencias sociales 
250 |a 3a. ed. en español de la 8a edición en inglés 
260 |a Ciudad de México, México:  |b McGraw-Hill,  |c 2006. 
300 |a 976 páginas   |b + Cd-rom  
500 |a c.31 Donación Sr. Carlos Cabezas MEMO Nº4/2024 Biblioteca de Matemáticas 14-8-2024 
583 |a last modification  |c 20190401 03:43:16  |k Rodrigo Vera 
650 0 |a Cálculo  |9 260234 
650 0 |a Funciones (Matemáticas)  |9 338128 
650 0 |a Cálculo diferencial   |9 260102 
650 0 |a Ecuaciones diferenciales  |9 260083 
650 0 |a Integrales   |9 260233 
700 0 |a Bradley, Gerald L  |e author  |9 529231 
700 |a Rosen, Kenneth H  |e author  |9 605142 
942 |c BK  |2 ddc 
945 |d 20080430 00:00:00  |a jtorresc 
952 |0 0  |1 0  |4 0  |6 515_000000000000000_HOF_2006  |7 0  |8 R  |9 415049  |a BIBENE  |b BIBENE  |d 2019-11-22  |i 4435664  |o 515 HOF 2006  |p 4435664  |r 2025-01-15  |w 2019-11-22  |y BK_R  |k ICO 
952 |0 0  |1 0  |4 0  |6 515_000000000000000_HOF_2006  |7 0  |8 R  |9 415050  |a BIBENE  |b BIBENE  |d 2019-11-22  |i 4435672  |o 515 HOF 2006  |p 4435672  |r 2025-01-15  |w 2019-11-22  |y BK_R  |k ICO 
952 |0 0  |1 0  |4 0  |6 515_000000000000000_HOF_2006  |7 0  |8 R  |9 415051  |a BIBENE  |b BIBENE  |d 2019-11-22  |i 4435680  |o 515 HOF 2006  |p 4435680  |r 2025-01-15  |w 2019-11-22  |y BK_R  |k ICO 
952 |0 0  |1 0  |4 0  |6 515_000000000000000_HOF_2006  |7 0  |8 R  |9 415052  |a BIBENE  |b BIBENE  |d 2019-11-22  |i 4435702  |o 515 HOF 2006  |p 4435702  |r 2025-01-15  |w 2019-11-22  |y BK_R  |k ICO 
952 |0 0  |1 0  |4 0  |6 515_000000000000000_HOF_2006  |7 0  |8 R  |9 415053  |a BIBENE  |b BIBENE  |d 2019-11-22  |i 4435710  |o 515 HOF 2006  |p 4435710  |r 2025-01-15  |w 2019-11-22  |y BK_R  |k ICO 
952 |0 0  |1 0  |4 0  |6 515_000000000000000_HOF_2006  |7 0  |8 R  |9 415054  |a BIBENE  |b BIBENE  |d 2019-11-22  |i 4435729  |o 515 HOF 2006  |p 4435729  |r 2025-01-15  |w 2019-11-22  |y BK_R  |k ICO 
952 |0 0  |1 0  |4 0  |6 515_000000000000000_HOF_2006  |7 0  |8 R  |9 415055  |a BIBENE  |b BIBENE  |d 2019-11-22  |i 4435737  |l 1  |o 515 HOF 2006  |p 4435737  |r 2025-01-15  |s 2024-08-30  |w 2019-11-22  |y BK_R  |k ICO 
952 |0 0  |1 0  |4 0  |6 515_000000000000000_HOF_2006  |7 0  |8 R  |9 415056  |a BIBENE  |b BIBENE  |d 2019-11-22  |i 4435745  |o 515 HOF 2006  |p 4435745  |r 2025-01-15  |w 2019-11-22  |y BK_R  |k ICO 
952 |0 0  |1 0  |4 0  |6 515_000000000000000_HOF_2006  |7 0  |8 R  |9 415057  |a BIBENE  |b BIBENE  |d 2019-11-22  |i 4435753  |o 515 HOF 2006  |p 4435753  |r 2025-01-15  |w 2019-11-22  |y BK_R  |k ICO 
952 |0 0  |1 0  |4 0  |6 515_000000000000000_HOF_2006  |7 0  |8 R  |9 415058  |a BIBENE  |b BIBENE  |d 2019-11-22  |i 4536274  |o 515 HOF 2006  |p 4536274  |r 2025-01-15  |w 2019-11-22  |y BK_R  |k ICO 
952 |0 0  |1 0  |4 0  |6 515_000000000000000_HOF_2006  |7 0  |8 R  |9 415059  |a BIBENE  |b BIBENE  |d 2019-11-22  |i 4536282  |o 515 HOF 2006  |p 4536282  |r 2025-01-15  |w 2019-11-22  |y BK_R  |k ICO 
952 |0 0  |1 0  |4 0  |6 515_000000000000000_HOF_2006  |7 0  |8 R  |9 415060  |a BIBENE  |b BIBENE  |d 2019-11-22  |i 4536290  |o 515 HOF 2006  |p 4536290  |r 2025-01-15  |w 2019-11-22  |y BK_R  |k ICO 
952 |0 0  |1 0  |4 0  |6 515_000000000000000_HOF_2006  |7 0  |8 R  |9 415061  |a BIBENE  |b BIBENE  |d 2019-11-22  |i 4536304  |l 5  |o 515 HOF 2006  |p 4536304  |r 2025-03-31  |s 2025-03-28  |w 2019-11-22  |y BK_R  |k ICO 
952 |0 0  |1 0  |4 0  |6 515_000000000000000_HOF_2006  |7 0  |8 R  |9 415062  |a BIBENE  |b BIBENE  |d 2019-11-22  |i 4536312  |o 515 HOF 2006  |p 4536312  |r 2025-01-15  |w 2019-11-22  |y BK_R  |k ICO 
952 |0 0  |1 0  |4 0  |6 515_000000000000000_HOF_2006  |7 0  |8 R  |9 415063  |a BIBENE  |b BIBENE  |d 2019-11-22  |i 4536320  |l 6  |m 1  |o 515 HOF 2006  |p 4536320  |r 2025-03-19  |s 2025-03-17  |w 2019-11-22  |y BK_R  |k ICO 
952 |0 0  |1 0  |4 0  |6 515_000000000000000_HOF_2006  |7 0  |8 R  |9 415064  |a BIBENE  |b BIBENE  |d 2019-11-22  |i 4536339  |o 515 HOF 2006  |p 4536339  |r 2025-01-15  |w 2019-11-22  |y BK_R  |k ICO 
952 |0 0  |1 0  |4 0  |6 515_000000000000000_HOF_2006  |7 0  |8 R  |9 415065  |a BIBENE  |b BIBENE  |d 2019-11-22  |i 4536347  |o 515 HOF 2006  |p 4536347  |r 2025-01-15  |w 2019-11-22  |y BK_R  |k ICO 
952 |0 0  |1 0  |4 0  |6 515_000000000000000_HOF_2006  |7 0  |8 R  |9 415066  |a BIBENE  |b BIBENE  |d 2019-11-22  |i 4536355  |o 515 HOF 2006  |p 4536355  |r 2025-01-15  |w 2019-11-22  |y BK_R  |k ICO 
952 |0 0  |1 0  |4 0  |6 515_000000000000000_HOF_2006  |7 0  |8 R  |9 415067  |a BIBENE  |b BIBENE  |d 2019-11-22  |i 4536363  |l 3  |m 4  |o 515 HOF 2006  |p 4536363  |r 2025-01-15  |s 2022-04-04  |w 2019-11-22  |y BK_R  |k ICO 
952 |0 0  |1 0  |4 0  |6 515_000000000000000_HOF_2006  |7 0  |8 R  |9 415068  |a BIBENE  |b BIBENE  |d 2019-11-22  |i 4536835  |o 515 HOF 2006  |p 4536835  |r 2025-01-15  |w 2019-11-22  |y BK_R  |k ICO 
952 |0 0  |1 0  |4 0  |6 515_000000000000000_HOF_2006  |7 0  |8 R  |9 415069  |a BIBENE  |b BIBENE  |d 2019-11-22  |i 4536843  |o 515 HOF 2006  |p 4536843  |r 2025-01-15  |w 2019-11-22  |y BK_R  |k ICO 
952 |0 0  |1 0  |4 0  |6 515_000000000000000_HOF_2006  |7 0  |8 R  |9 415070  |a BIBENE  |b BIBENE  |d 2019-11-22  |i 4536851  |l 1  |o 515 HOF 2006  |p 4536851  |r 2021-11-15  |s 2020-08-03  |w 2019-11-22  |y BK_R  |k ICO 
952 |0 0  |1 0  |4 0  |6 515_000000000000000_HOF_2006  |7 0  |8 R  |9 415071  |a BIBENE  |b BIBENE  |d 2019-11-22  |i 453686K  |o 515 HOF 2006  |p 453686K  |r 2025-01-15  |w 2019-11-22  |y BK_R  |k ICO 
952 |0 0  |1 0  |4 0  |6 515_000000000000000_HOF_2006  |7 0  |8 R  |9 415072  |a BIBENE  |b BIBENE  |d 2019-11-22  |i 4536878  |o 515 HOF 2006  |p 4536878  |r 2025-01-15  |w 2019-11-22  |y BK_R  |k ICO 
952 |0 0  |1 0  |4 0  |6 515_000000000000000_HOF_2006  |7 0  |8 R  |9 415073  |a BIBENE  |b BIBENE  |d 2019-11-22  |i 4536886  |o 515 HOF 2006  |p 4536886  |r 2025-01-15  |w 2019-11-22  |y BK_R  |k ICO 
952 |0 0  |1 0  |4 0  |6 515_000000000000000_HOF_2006  |7 0  |8 R  |9 415074  |a BIBENE  |b BIBENE  |d 2019-11-22  |i 4536894  |o 515 HOF 2006  |p 4536894  |r 2025-01-15  |w 2019-11-22  |y BK_R  |k ICO 
952 |0 0  |1 0  |4 0  |6 515_000000000000000_HOF_2006  |7 0  |8 R  |9 415075  |a BIBENE  |b BIBENE  |d 2019-11-22  |i 4536908  |o 515 HOF 2006  |p 4536908  |r 2025-01-15  |w 2019-11-22  |y BK_R  |k ICO 
952 |0 0  |1 0  |4 0  |6 515_000000000000000_HOF_2006  |7 0  |8 R  |9 415076  |a BIBENE  |b BIBENE  |d 2019-11-22  |i 4536916  |l 1  |o 515 HOF 2006  |p 4536916  |r 2025-01-15  |s 2024-08-30  |w 2019-11-22  |y BK_R  |k ICO 
952 |0 0  |1 0  |4 0  |6 515_000000000000000_HOF_2006  |7 0  |8 R  |9 415077  |a BIBENE  |b BIBENE  |d 2019-11-22  |i 4536924  |o 515 HOF 2006  |p 4536924  |r 2025-01-15  |w 2019-11-22  |y BK_R  |k ICO 
952 |0 0  |1 0  |4 0  |6 515_000000000000000_HOF_2006  |7 0  |8 R  |9 415078  |a BIBENE  |b BIBENE  |d 2019-11-22  |i 4670906  |o 515 HOF 2006  |p 4670906  |r 2025-01-15  |w 2019-11-22  |y BK_R  |k ICO 
952 |0 0  |1 0  |2 ddc  |4 0  |6 515_000000000000000_HOF_2006  |7 0  |8 A  |9 596611  |a BIBMAT  |b BIBMAT  |d 2024-09-04  |e Donación  |i 5662638  |o 515 HOF 2006  |p 5662638  |r 2025-01-07  |t 31  |w 2024-09-04  |y BK  |k MAT